Evaluation of the impact of the OFT's investigation into bid rigging in the construction industry (Record no. 110746)

MARC details
000 -LEADER
fixed length control field 01168cad a22002055a 4500
001 - CONTROL NUMBER
control field L150135
008 - FIXED-LENGTH DATA ELEMENTS--GENERAL INFORMATION
fixed length control field 100607s2010 xxk f 000 0 eng d
035 ## - SYSTEM CONTROL NUMBER
System control number (Sirsi) u150135
041 0# - LANGUAGE CODE
Language code of text/sound track or separate title eng
050 04 - LIBRARY OF CONGRESS CALL NUMBER
Classification number 692.8
110 2# - MAIN ENTRY--CORPORATE NAME
Corporate name or jurisdiction name as entry element Office of Fair Trading
9 (RLIN) 1355
245 00 - TITLE STATEMENT
Title Evaluation of the impact of the OFT's investigation into bid rigging in the construction industry
Remainder of title a report by Europe Economics
Medium [electronic resource]
260 ## - PUBLICATION, DISTRIBUTION, ETC.
Place of publication, distribution, etc. [S.I.]
Name of publisher, distributor, etc. OFT
Date of publication, distribution, etc. 2010
520 ## - SUMMARY, ETC.
Summary, etc. An independent evaluation of the OFT's recent competition enforcement activities in the construction sector finds significant improvements in awareness and understanding of competition law and changes in business behaviour; the research was conducted by Europe Economics and is based on surveys of construction contractors and procurers; compares the first phase results from 2008 with the second phase results conducted in 2010.
590 ## - LOCAL NOTE (RLIN)
Local note KA NTK
651 #4 - SUBJECT ADDED ENTRY--GEOGRAPHIC NAME
Geographic name United Kingdom
Chronological subdivision
690 ## - LOCAL SUBJECT ADDED ENTRY--TOPICAL TERM (OCLC, RLIN)
Topical term or geographic name as entry element BUILT ENVIRONMENT-BUILDING CONTRACT FORMS
856 48 - ELECTRONIC LOCATION AND ACCESS
Uniform Resource Identifier <a href="https://www.oft.gov.uk/shared_oft/reports/Evaluating-OFTs-work/oft1240.pdf">https://www.oft.gov.uk/shared_oft/reports/Evaluating-OFTs-work/oft1240.pdf</a>
Public note View this item free of charge at www.oft.gov.uk
942 ## - ADDED ENTRY ELEMENTS (KOHA)
Suppress in OPAC 0
Holdings
Withdrawn status Lost status Source of classification or shelving scheme Damaged status Not for loan Home library Current library Shelving location Date acquired Total Checkouts Full call number Barcode Date last seen Copy number Price effective from Koha item type
    Dewey Decimal Classification     Virtual Virtual Online 07/06/2010   ONLINE PUBLICATION 150135-1001 06/08/2019 1 06/08/2019 Book